The Planning and Compensation Act 1991 (Record no. 34237)

MARC details
000 -LEADER
fixed length control field 01034cab a2200217 4500
001 - CONTROL NUMBER
control field ABS45967
008 - FIXED-LENGTH DATA ELEMENTS--GENERAL INFORMATION
fixed length control field 090401t xxu||||| |||| 00| 0 eng d
035 ## - SYSTEM CONTROL NUMBER
System control number (Sirsi) u56098
041 ## - LANGUAGE CODE
Language code of text/sound track or separate title eng
100 ## - MAIN ENTRY--PERSONAL NAME
Personal name Waterson, G.
245 #4 - TITLE STATEMENT
Title The Planning and Compensation Act 1991
260 ## - PUBLICATION, DISTRIBUTION, ETC.
Date of publication, distribution, etc. 10(1) Winter 1991/92, 54-64(11)
350 ## - PRICE (NR) (BK AM CF MU VM SE) [OBSOLETE]
Price 0
490 ## - SERIES STATEMENT
Series statement Property Management
Volume/sequential designation 10(1) Winter 1991/92, 54-64(11)
520 ## - SUMMARY, ETC.
Summary, etc. A first of a two part article examining the main provisions of the Planning and Compensation Act 1991. Deals with those sections of Part 1 of the Act and associated schedules which relate to development plans and development control, with reference to adoption of structure plans, public participation, district-wide local plans, changes to the status of development plans, demolition, planning appeals and applications, planning agreements and crown land.
650 ## - SUBJECT ADDED ENTRY--TOPICAL TERM
Topical term or geographic name entry element PLANNING AND COMPENSATION ACT 1991
690 ## - LOCAL SUBJECT ADDED ENTRY--TOPICAL TERM (OCLC, RLIN)
Topical term or geographic name as entry element PLANNING LAW AND PRACTICE
700 ## - ADDED ENTRY--PERSONAL NAME
Personal name Webster, B.
942 ## - ADDED ENTRY ELEMENTS (KOHA)
Suppress in OPAC 0
948 ## - LOCAL PROCESSING INFORMATION (OCLC); SERIES PART DESIGNATOR (RLIN)
c (OCLC) 04/03/1997
Holdings
Withdrawn status Lost status Source of classification or shelving scheme Damaged status Not for loan Home library Current library Shelving location Date acquired Total Checkouts Full call number Barcode Date last seen Copy number Price effective from Koha item type
    Dewey Decimal Classification     London London Journal article 14/09/1999   ABS45967 56098-1001 06/08/2019 1 06/08/2019 Journal article